LEADER 01934oas 2200613 450 001 9910709965503321 005 20180827161400.0 035 $a(CKB)5470000002474610 035 $a(OCoLC)313811552 035 $a(EXLCZ)995470000002474610 100 $a20090310a20079999 ua 101 0 $aeng 135 $aur||||||||||| 181 $ctxt$2rdacontent 182 $cc$2rdamedia 183 $acr$2rdacarrier 200 10$aData mining report /$fOffice of the Director of National Intelligence 210 1$a[Washington, D.C.] :$cOffice of the Director of National Intelligence,$d2008- 215 $a1 online resource (volumes) 517 1 $aOffice of the Director of National Intelligence, data mining report 517 1 $aData mining report to Congress 517 1 $a... data mining report for the period ... through ... 517 1 $aFederal agency data mining report 606 $aData mining$zUnited States$vPeriodicals 606 $aPrivacy, Right of$zUnited States$vPeriodicals 606 $aIntelligence service$xTechnological innovations$zUnited States$vPeriodicals 606 $aTerrorism$zUnited States$xPrevention$vPeriodicals 606 $aNational security$zUnited States$vPeriodicals 606 $aData mining$2fast 608 $aPeriodicals.$2lcgft 608 $aPeriodicals.$2fast 615 0$aData mining 615 0$aPrivacy, Right of 615 0$aIntelligence service$xTechnological innovations 615 0$aTerrorism$xPrevention 615 0$aNational security 615 7$aData mining. 801 0$bDID 801 1$bDID 801 2$bDID 801 2$bBUF 801 2$bLEGAL 801 2$bOCLCQ 801 2$bLEGAL 801 2$bOCLCQ 801 2$bLEGAL 801 2$bOCLCQ 801 2$bOCLCF 801 2$bOCLCQ 801 2$bGPO 906 $aJOURNAL 912 $a9910709965503321 996 $aData mining report$93335857 997 $aUNINA LEADER 03487nam 22006735 450 001 9910863181903321 005 20251230070119.0 010 $a3-030-55236-5 024 7 $a10.1007/978-3-030-55236-7 035 $a(OCoLC)1191246556 035 $a(CKB)4100000011401104 035 $a(MiAaPQ)EBC6318827 035 $a(DE-He213)978-3-030-55236-7 035 $a(PPN)250213095 035 $a(MiAaPQ)EBC29093132 035 $a(EXLCZ)994100000011401104 100 $a20200825d2020 u| 0 101 0 $aeng 135 $aurcnu|||||||| 181 $ctxt$2rdacontent 182 $cc$2rdamedia 183 $acr$2rdacarrier 200 10$aAccelerated Pavement Testing to Transport Infrastructure Innovation $eProceedings of 6th APT Conference /$fedited by Armelle Chabot, Pierre Hornych, John Harvey, Luis Guillermo Loria-Salazar 205 $a1st ed. 2020. 210 1$aCham :$cSpringer International Publishing :$cImprint: Springer,$d2020. 215 $a1 online resource (724 pages) 225 1 $aLecture Notes in Civil Engineering,$x2366-2565 ;$v96 311 08$a3-030-55235-7 330 $aThis volume gathers the latest advances, innovations, and applications in the field of accelerated pavement testing (APT), presented at the 6th International Conference on Accelerated Pavement Testing, in Nantes, France, on September 27-29, 2021. Discussing APT, which involves rapid testing of full-scale pavement constructions for structural deterioration, the book covers topics such as APT facilities, APT of asphalt concrete and sustainable/innovative materials, APT for airfield pavements, testing of maintenance and rehabilitation solutions, testing of smart and multi-functional pavements, data analysis and modeling, monitoring and non-destructive testing, and efficient means of calibrating/developing pavement design methods. Featuring peer-reviewed contributions by leading international researchers and engineers, the book is a timely and highly relevant resource for materials scientists and engineers interested in determining the performance of pavement structures during their service life (10+ years) in a few weeks or months. 410 0$aLecture Notes in Civil Engineering,$x2366-2565 ;$v96 606 $aBuilding materials 606 $aMaterials$xAnalysis 606 $aBuildings$xDesign and construction 606 $aEngineering geology 606 $aBuilding Materials 606 $aCharacterization and Analytical Technique 606 $aBuilding Construction and Design 606 $aGeoengineering 615 0$aBuilding materials. 615 0$aMaterials$xAnalysis. 615 0$aBuildings$xDesign and construction. 615 0$aEngineering geology. 615 14$aBuilding Materials. 615 24$aCharacterization and Analytical Technique. 615 24$aBuilding Construction and Design. 615 24$aGeoengineering. 676 $a625.8 676 $a628.8 702 $aChabot$b Armelle$4edt$4http://id.loc.gov/vocabulary/relators/edt 702 $aHornych$b Pierre$4edt$4http://id.loc.gov/vocabulary/relators/edt 702 $aHarvey$b John$4edt$4http://id.loc.gov/vocabulary/relators/edt 702 $aLori?a-Salazar$b Luis G.$4edt$4http://id.loc.gov/vocabulary/relators/edt 801 0$bMiAaPQ 801 1$bMiAaPQ 801 2$bMiAaPQ 906 $aBOOK 912 $a9910863181903321 996 $aAccelerated Pavement Testing to Transport Infrastructure Innovation$94167093 997 $aUNINA